Odhady poistných rezerv poisťovní a technika zaisťovania

Salvato in:
Dettagli Bibliografici
Autore principale: Fecenko, Jozef
Natura: Capitolo di libro
Lingua:slovacco
Tags: Aggiungi Tag
Nessun Tag, puoi essere il primo ad aggiungerne!!

MARC

LEADER 00000naa$a2200000$$$4500
001 0066837
005 20240502071809.8
041 0 |a slo 
044 |a SK 
245 1 0 |a Odhady poistných rezerv poisťovní a technika zaisťovania  |c Jozef Fecenko 
100 1 |a Fecenko, Jozef